[Event "TCh-ESP Div 1 2015"]
[Site "Linares ESP"]
[Date "2015.08.09"]
[Round "2.2"]
[Board "3"]
[White "Quintin Navarro, Alberto"]
[Black "Castellanos Rodriguez, Renier"]
[Result "1/2-1/2"]
[WhiteTitle "FM"]
[BlackTitle "IM"]
[WhiteElo "2363"]
[BlackElo "2468"]
[WhiteTeam "C.A. Stadium Casablanca"]
[BlackTeam "Equigoma-Casa Social Católica"]
[WhiteFideId "2292688"]
[BlackFideId "3404650"]
[EventDate "2015.08.08"]

1. c4 b6 2. Nf3 Bb7 3. g3 g6 4. Bg2 Bg7 5. O-O c5 6. Nc3 Nc6 7. e4 d6 8. d3 Qd7
9. h3 e6 10. Be3 Bxc3 11. bxc3 O-O-O 12. Nd2 h6 13. Nb3 Nge7 14. a4 f5 15. a5 g5
16. axb6 axb6 17. exf5 Nxf5 18. Nd2 Kc7 19. Qb3 Na5 20. Rxa5 Bxg2 21. Rb1 Rb8
22. Ra7+ Bb7 23. Qxb6+ Kc8 24. Ne4 Qc6 25. Qa5 Rh7 26. g4 Nxe3 27. fxe3 Qc7 28.
Qxc7+ Kxc7 29. Kf2 Kc6 30. Kg3 d5 31. cxd5+ exd5 32. Nd2 Re7 33. e4 dxe4 34.
dxe4 Rd8 35. Nc4 Rd3+ 36. Kf2 Rxe4 37. Raxb7 Rxc3 38. Na5+ Kd5 39. Rd1+ Rd4 40.
Rd7+ Ke6 41. R7xd4 cxd4 42. Rxd4 Rxh3 43. Nc4 h5 44. Rd6+ Ke7 45. Rg6 hxg4 46.
Rxg5 Rf3+ 47. Kg2 Rf4 48. Ne3 Ra4 49. Nxg4 Ke6 50. Kf3 Ra1 51. Ke4 Ra4+ 52. Kf3
Ra1 53. Ne3 Ra3 54. Ke4 Ra4+ 55. Kd3 Ra3+ 56. Kd4 Ra4+ 57. Nc4 Ra1 58. Rg6+ Kf5
59. Rg2 Ke6 60. Ke4 Ra4 61. Rg6+ Kf7 62. Rc6 Ra1 63. Ne3 Ra4+ 64. Ke5 Ra5+ 65.
Nd5 Ra1 66. Rc7+ Kg6 67. Nf4+ Kh6 68. Kf6 Ra6+ 69. Ne6 Ra1 70. Rc2 Rf1+ 71. Ke5
Re1+ 72. Kf5 Rf1+ 73. Nf4 Kg7 74. Rc7+ Kf8 75. Ra7 Rf3 76. Ke5 Rf1 77. Ng6+ Kg8
78. Ne7+ Kf8 79. Nc6 Rf7 80. Ra1 Rf2 81. Ke6 Kg7 82. Rg1+ Kh6 83. Nd4 Ra2 84.
Kf6 Ra6+ 85. Ne6 Kh5 86. Kf5 Ra5+ 87. Ke4 Ra4+ 88. Nd4 Kh6 89. Ke5 Ra5+ 90. Kf6
Ra6+ 91. Ne6 Kh5 92. Rg8 Kh4 93. Ke5 Ra5+ 94. Ke4 Ra4+ 95. Nd4 Kh5 1/2-1/2

[Event "TCh-ESP Div 1 2015"]
[Site "Linares ESP"]
[Date "2015.08.09"]
[Round "2.2"]
[Board "4"]
[White "Corral Blanco, Juan Antonio"]
[Black "Moreno Gracia, Daniel"]
[Result "1-0"]
[WhiteTitle "FM"]
[BlackTitle "FM"]
[WhiteElo "2432"]
[BlackElo "2337"]
[WhiteTeam "Equigoma-Casa Social Católica"]
[BlackTeam "C.A. Stadium Casablanca"]
[WhiteFideId "2200368"]
[BlackFideId "2262266"]
[EventDate "2015.08.08"]

1. d4 d5 2. c4 c6 3. Nf3 Nf6 4. Nc3 e6 5. e3 Nbd7 6. Bd3 dxc4 7. Bxc4 b5 8. Be2
Bd6 9. Nd2 O-O 10. Bf3 Qb6 11. a4 Rb8 12. O-O Rd8 13. Qc2 Bb7 14. Nde4 Nxe4 15.
Nxe4 c5 16. dxc5 Nxc5 17. Nxd6 Rxd6 18. Bxb7 Rxb7 19. axb5 Rc7 20. Bd2 Nd7 21.
Bc3 Qxb5 22. Qe4 Qd5 23. Qg4 Ne5 24. Qg3 Ng6 25. Ra5 Qd3 26. h4 h5 27. Rxh5 Rc4
28. Rg5 Nxh4 29. Rxg7+ Kf8 30. Rg8+ Ke7 31. Bf6+ Kd7 32. Rd8+ Kc6 33. Rxd6+ Qxd6
34. Bxh4 e5 35. Qf3+ Kb6 36. Qf6 1-0

[Event "TCh-ESP Div 1 2015"]
[Site "Linares ESP"]
[Date "2015.08.09"]
[Round "2.3"]
[Board "1"]
[White "Forcen Esteban, Daniel"]
[Black "Vassallo Barroche, Mauricio"]
[Result "1-0"]
[WhiteTitle "IM"]
[BlackTitle "IM"]
[WhiteElo "2543"]
[BlackElo "2430"]
[WhiteTeam "C.A. Jaime Casas"]
[BlackTeam "C.E. Barberá"]
[WhiteFideId "2288230"]
[BlackFideId "101648"]
[EventDate "2015.08.08"]

1. e4 e5 2. Nf3 Nc6 3. Bb5 d6 4. O-O Bd7 5. c3 Nge7 6. d4 Ng6 7. d5 Nb8 8. Bxd7+
Nxd7 9. c4 Be7 10. Qc2 h6 11. g3 Bg5 12. Nxg5 hxg5 13. Qe2 a5 14. Nc3 Nc5 15.
Qg4 f6 16. Be3 Qd7 17. Qxd7+ Kxd7 18. f3 Ne7 19. Rfd1 Nc8 20. b3 Nb6 21. Rab1
Rhb8 22. Bf2 g6 23. g4 Nc8 24. a3 Nb6 25. Nb5 Nc8 26. Kg2 b6 27. b4 axb4 28.
axb4 Na4 29. Rd3 Na7 30. Ra3 Nxb5 31. cxb5 Rb7 32. h4 gxh4 33. Bxh4 g5 34. Bf2
Rba7 35. Rh1 Kc8 36. Rb3 Kb7 37. Rh7 Rf8 38. Be1 Kb8 39. Ra3 Kb7 40. Ra2 Kb8 41.
Kf2 Kb7 42. Ke3 Kb8 43. Kd2 Ka8 44. Kc2 Kb7 45. Bd2 Rfa8 46. Rh6 Rf8 47. Bc1 1-0

[Event "TCh-ESP Div 1 2015"]
[Site "Linares ESP"]
[Date "2015.08.09"]
[Round "2.3"]
[Board "2"]
[White "Alonso Moyano, Jonathan"]
[Black "Garza Marco, Sergio"]
[Result "1-0"]
[WhiteTitle "IM"]
[BlackTitle "IM"]
[WhiteElo "2406"]
[BlackElo "2390"]
[WhiteTeam "C.E. Barberá"]
[BlackTeam "C.A. Jaime Casas"]
[WhiteFideId "2216019"]
[BlackFideId "2210177"]
[EventDate "2015.08.08"]

1. e4 e6 2. d3 c5 3. Nf3 Nc6 4. g3 g6 5. Bg2 Bg7 6. O-O Nge7 7. c3 O-O 8. Be3 b6
9. d4 cxd4 10. cxd4 d5 11. e5 Nf5 12. Qd2 f6 13. Bf4 fxe5 14. dxe5 Ba6 15. Re1
h6 16. h4 Rc8 17. Nc3 Rf7 18. Bf1 Bxf1 19. Kxf1 Bf8 20. a3 Na5 21. Qd3 Nc4 22.
Rab1 a6 23. Ne2 b5 24. Kg2 Kg7 25. Ned4 Qb6 26. Nxf5+ Rxf5 27. b3 Nxa3 28. Rbc1
Rxc1 29. Rxc1 Bc5 30. b4 Bxb4 31. Nd4 Nc4 32. Nxf5+ gxf5 33. Qf3 Bf8 34. Qh5 Kh7
35. Qf7+ Bg7 36. h5 Qd4 37. Qxe6 Qe4+ 38. f3 Qe2+ 39. Kh3 Qxf3 40. Qxf5+ Kh8 41.
e6 Qa3 42. Qxd5 Qe7 43. Qf5 Qf6 44. Kg4 a5 45. Re1 Qe7 46. Qxb5 Bc3 47. Re2 1-0

[Event "TCh-ESP Div 1 2015"]
[Site "Linares ESP"]
[Date "2015.08.09"]
[Round "2.3"]
[Board "3"]
[White "Ramiro Ovejero, Juan Luis"]
[Black "Perez Manas, Benjamin"]
[Result "1-0"]
[WhiteTitle "IM"]
[BlackTitle "FM"]
[WhiteElo "2343"]
[BlackElo "2321"]
[WhiteTeam "C.A. Jaime Casas"]
[BlackTeam "C.E. Barberá"]
[WhiteFideId "2210436"]
[BlackFideId "22200169"]
[EventDate "2015.08.08"]

1. e4 e5 2. Nf3 Nc6 3. Bc4 Nf6 4. d3 Bc5 5. c3 d6 6. h3 Bb6 7. Nbd2 O-O 8. Bb3
Ne7 9. Nc4 Ng6 10. Nxb6 axb6 11. O-O d5 12. exd5 Nxd5 13. Re1 Qd6 14. d4 exd4
15. Qxd4 Be6 16. Ng5 c5 17. Qd1 Rad8 18. Nxe6 fxe6 19. Bg5 Rd7 20. Qg4 Rf5 21.
Rad1 c4 22. Bxc4 Qc5 23. Rxe6 Qxf2+ 24. Kh2 Nf8 25. Re2 Qc5 26. Qxf5 Qxc4 27.
Re8 Qc7+ 28. Bf4 1-0

[Event "TCh-ESP Div 1 2015"]
[Site "Linares ESP"]
[Date "2015.08.09"]
[Round "2.3"]
[Board "4"]
[White "Martinez Ramirez, Erik"]
[Black "Rudolf, Anna"]
[Result "1/2-1/2"]
[WhiteTitle "FM"]
[BlackTitle "IM"]
[WhiteElo "2311"]
[BlackElo "2298"]
[WhiteTeam "C.E. Barberá"]
[BlackTeam "C.A. Jaime Casas"]
[WhiteFideId "22202366"]
[BlackFideId "722855"]
[EventDate "2015.08.08"]

1. e4 e6 2. Nf3 d5 3. Nc3 d4 4. Ne2 c5 5. c3 Nf6 6. e5 Nfd7 7. cxd4 cxd4 8.
Nexd4 Nxe5 9. Bb5+ Nec6 10. O-O Be7 11. Nxc6 Nxc6 12. Ne5 Bd7 13. Bxc6 Bxc6 14.
Nxc6 bxc6 15. d4 O-O 16. Be3 Qd5 17. Qa4 Rfb8 18. Qc2 a5 19. b3 h6 20. Rac1 Ba3
21. Rb1 Bd6 22. Rfc1 Ra6 23. Qc4 Rb5 24. Qxd5 cxd5 25. Kf1 a4 26. bxa4 Rxb1 27.
Rxb1 Rxa4 28. Rb2 Bb4 29. Rc2 f6 30. f4 Ra3 31. Ke2 Kf7 32. Bc1 Ra4 33. Kd3 Ba5
34. a3 Bd8 35. Bb2 g5 36. g3 gxf4 37. gxf4 Kg6 38. Rc8 Be7 39. Kc2 Kf5 40. Rh8
Bd6 41. Rxh6 Bxf4 42. Rh8 e5 43. Rd8 Ke4 44. Rd6 exd4 45. Rxf6 d3+ 46. Kd1 Ra7
47. Re6+ Kf3 48. Bc1 Bxc1 49. Kxc1 Rxa3 50. Kd2 Kf4 51. h4 Kf5 1/2-1/2

[Event "TCh-ESP Div 1 2015"]
[Site "Linares ESP"]
[Date "2015.08.09"]
[Round "2.4"]
[Board "1"]
[White "Alshameary Puente, Ismael"]
[Black "Montoliu Cervero, Francisco"]
[Result "0-1"]
[WhiteTitle "FM"]
[BlackTitle "FM"]
[WhiteElo "2370"]
[BlackElo "2338"]
[WhiteTeam "C.A. Alekhine-Espartinas"]
[BlackTeam "C.A. Eva-Manises"]
[WhiteFideId "2225166"]
[BlackFideId "2214814"]
[EventDate "2015.08.08"]

1. d4 d5 2. c4 dxc4 3. e3 Nf6 4. Bxc4 e6 5. Nf3 a6 6. O-O b5 7. Bb3 Bb7 8. Qe2
Nbd7 9. Rd1 c5 10. a4 b4 11. Nbd2 Qc7 12. Nc4 Be7 13. Bd2 a5 14. Nce5 O-O 15.
Rac1 Qb6 16. Bc4 Nxe5 17. Nxe5 Rfd8 18. dxc5 Bxc5 19. Bb5 Rac8 20. Be1 Rxd1 21.
Qxd1 Ba8 22. Qc2 Qb7 23. Bf1 Nd7 24. Nxd7 Qxd7 25. Ba6 Qc6 26. Bf1 h6 27. Kh1
Bxe3 28. Qxc6 Bxc6 29. Rc4 Bc1 30. b3 Bb7 31. Kg1 Kf8 32. Bd3 Ke7 33. f3 Be3+
34. Kf1 Ba6 35. Bh4+ g5 36. Rxc8 Bxd3+ 37. Ke1 gxh4 38. Ra8 Bc2 39. Rxa5 Bxb3
40. Ke2 Bb6 41. Ra8 Bc4+ 42. Kd2 b3 43. Kc3 Bd5 44. Rh8 Bc7 45. Kd4 0-1

[Event "TCh-ESP Div 1 2015"]
[Site "Linares ESP"]
[Date "2015.08.09"]
[Round "2.4"]
[Board "2"]
[White "Silva Rodriguez, Fernando"]
[Black "Santos Ruiz, Miguel"]
[Result "1/2-1/2"]
[BlackTitle "FM"]
[WhiteElo "2305"]
[BlackElo "2341"]
[WhiteTeam "C.A. Eva-Manises"]
[BlackTeam "C.A. Alekhine-Espartinas"]
[WhiteFideId "2215268"]
[BlackFideId "22291482"]
[EventDate "2015.08.08"]

1. d4 e6 2. Nf3 Nf6 3. c4 b6 4. g3 Bb7 5. Bg2 Be7 6. O-O O-O 7. d5 Na6 8. Nd4
exd5 9. Nf5 c6 10. cxd5 cxd5 11. Nc3 Nc7 12. Bf4 d6 13. Qa4 Ne6 14. Rfd1 g6 15.
Nxe7+ Qxe7 16. Be3 Rfd8 17. Nxd5 Bxd5 18. Bxd5 Nxd5 19. Rxd5 Nc7 20. Rd2 d5 21.
Rad1 Rd7 22. Bg5 Qe6 23. e4 b5 24. Qc2 Re8 25. Bf4 Ree7 26. Bxc7 Rxc7 27. exd5
Qd6 28. Qd3 Rc5 29. Qf3 Kg7 30. Kg2 Re8 31. Rd4 Rc2 32. R4d2 Rc5 33. Rd4 Rc2 34.
R4d2 1/2-1/2

[Event "TCh-ESP Div 1 2015"]
[Site "Linares ESP"]
[Date "2015.08.09"]
[Round "2.4"]
[Board "3"]
[White "Gutierrez Valero, Mario"]
[Black "Silva Rodriguez, Julio"]
[Result "1/2-1/2"]
[WhiteElo "2271"]
[BlackElo "2235"]
[WhiteTeam "C.A. Alekhine-Espartinas"]
[BlackTeam "C.A. Eva-Manises"]
[WhiteFideId "2243695"]
[BlackFideId "2215284"]
[EventDate "2015.08.08"]

1. d4 e6 2. c4 Nf6 3. Nf3 c5 4. d5 d6 5. Nc3 exd5 6. cxd5 g6 7. e4 a6 8. Qe2 Bg4
9. e5 Bxf3 10. gxf3 dxe5 11. Qxe5+ Qe7 12. Bf4 Qxe5+ 13. Bxe5 Nbd7 14. f4 Bg7
15. Bd6 Bf8 16. Be5 Bg7 17. Bd6 Bf8 18. Bc7 Nh5 19. Bg2 Bh6 20. O-O O-O 21. d6
Nxf4 22. Bxb7 Ra7 23. Bg2 Nxg2 24. Kxg2 Re8 25. Rfe1 Re6 26. Rxe6 fxe6 27. Re1
Kf7 28. Ne4 e5 29. Re2 Ke6 30. Nxc5+ Nxc5 31. Bb6 Nd3 1/2-1/2

[Event "TCh-ESP Div 1 2015"]
[Site "Linares ESP"]
[Date "2015.08.09"]
[Round "2.4"]
[Board "4"]
[White "Nieves Cabanes, Javier"]
[Black "Aranaz Portugues, Jose Carlos"]
[Result "1-0"]
[WhiteElo "2152"]
[BlackElo "2143"]
[WhiteTeam "C.A. Eva-Manises"]
[BlackTeam "C.A. Alekhine-Espartinas"]
[WhiteFideId "22245707"]
[BlackFideId "2274710"]
[EventDate "2015.08.08"]

1. Nf3 e6 2. c4 d5 3. b3 Nf6 4. Bb2 Be7 5. e3 Nbd7 6. d4 Ne4 7. Bd3 b6 8. O-O f5
9. cxd5 exd5 10. Ne5 Nxe5 11. dxe5 O-O 12. Qc2 Nc5 13. Bb5 Bd7 14. Bxd7 Qxd7 15.
Nc3 c6 16. Ne2 a5 17. Nd4 Rac8 18. a3 Ne4 19. e6 Qe8 20. f3 Nd6 21. Qf2 Bf6 22.
Rab1 c5 23. Ne2 Bg5 24. Kh1 Qxe6 25. Qg3 Qh6 26. Rbd1 f4 27. Qg4 d4 28. exd4 Nf5
29. Bc1 Rce8 30. Nxf4 Nxd4 31. g3 Nxb3 32. Bb2 Nd4 33. Bxd4 cxd4 34. Rxd4 Bxf4
35. gxf4 Re2 36. Qg3 Qe6 37. Rg1 g6 38. a4 Re8 39. h4 Qf5 40. Rg2 Re1+ 41. Kh2
Rb1 42. Qg5 1-0

[Event "TCh-ESP Div 1 2015"]
[Site "Linares ESP"]
[Date "2015.08.10"]
[Round "3.1"]
[Board "1"]
[White "Montoliu Cervero, Francisco"]
[Black "Oliva Castaneda, Kevel"]
[Result "1/2-1/2"]
[WhiteTitle "FM"]
[BlackTitle "IM"]
[WhiteElo "2338"]
[BlackElo "2488"]
[WhiteTeam "C.A. Eva-Manises"]
[BlackTeam "C.A. Silla-López Instalaciones"]
[WhiteFideId "2214814"]
[BlackFideId "3500799"]
[EventDate "2015.08.08"]

1. e4 c5 2. Nf3 e6 3. d4 cxd4 4. Nxd4 a6 5. Nc3 Qc7 6. Be2 b5 7. f4 Bb7 8. Bf3
Nc6 9. Nxc6 Bxc6 10. Be3 b4 11. Nb1 Nf6 12. Qd4 d5 13. e5 Nd7 14. O-O Rb8 15.
Qd1 a5 16. Nd2 a4 17. Rc1 Bb5 18. Re1 Bc5 19. Bxc5 Qxc5+ 20. Kh1 Qd4 21. c4 bxc3
22. bxc3 Qxf4 23. c4 dxc4 24. Re4 Qg5 25. Nxc4 O-O 26. Nd6 Bd3 27. Re1 Bg6 28.
Qd4 h6 29. Bc6 Nb6 30. Nb7 Nc8 31. Qxa4 Ne7 32. Nd6 Rb2 33. Bf3 Bh5 34. Qa3 Rfb8
35. Ne4 Qg6 36. g4 Bxg4 37. Bxg4 Nd5 38. Bf3 Qf5 39. Ng3 Qf4 40. Bg2 Qd2 41. Rg1
Rxa2 42. Qf3 Qd4 43. Qe4 Qd2 44. Rce1 Rb4 45. Qf3 Qg5 46. Re2 Rbb2 47. Rxb2 Rxb2
48. Rf1 Rb7 49. Qe4 Rb4 50. Qf3 Rf4 51. Qh5 Rxf1+ 52. Bxf1 Qf4 53. Qe2 Ne3 54.
Bg2 Ng4 55. Bf3 Nxe5 56. Kg2 g6 57. Qe4 Qf6 58. Be2 h5 59. Qe3 Nd7 60. Qa7 Ne5
61. Qd4 h4 62. Nh1 Qg5+ 63. Kh3 Qf5+ 64. Kxh4 Qf6+ 65. Kg3 Qg5+ 1/2-1/2

[Event "TCh-ESP Div 1 2015"]
[Site "Linares ESP"]
[Date "2015.08.10"]
[Round "3.1"]
[Board "2"]
[White "Granero Roca, Antonio"]
[Black "Silva Rodriguez, Fernando"]
[Result "1-0"]
[WhiteTitle "IM"]
[WhiteElo "2397"]
[BlackElo "2305"]
[WhiteTeam "C.A. Silla-López Instalaciones"]
[BlackTeam "C.A. Eva-Manises"]
[WhiteFideId "2210509"]
[BlackFideId "2215268"]
[EventDate "2015.08.08"]

1. d4 Nf6 2. c4 e6 3. Nf3 d5 4. Nc3 Be7 5. Bg5 O-O 6. e3 b6 7. Be2 Bb7 8. Bxf6
Bxf6 9. cxd5 exd5 10. b4 Qd6 11. Qb3 c6 12. O-O Nd7 13. a4 a5 14. bxa5 Rxa5 15.
Rab1 Ba6 16. Bxa6 Rxa6 17. Rfc1 Rfa8 18. g3 g6 19. Kg2 Kg7 20. h4 Qe6 21. Rc2
Ra5 22. Rbc1 Be7 23. Ne2 Rc8 24. Nf4 Qd6 25. Rc3 Bd8 26. Ne1 Nf6 27. Ned3 c5 28.
Ne5 c4 29. Qd1 Rca8 30. Qf3 Rxa4 31. h5 Ra1 32. g4 b5 33. g5 Ne4 34. Nxf7 Qd7
35. Nxd8 Rxd8 36. Rxa1 Nxc3 37. hxg6 hxg6 38. Ra6 Qd6 39. Ne6+ 1-0

[Event "TCh-ESP Div 1 2015"]
[Site "Linares ESP"]
[Date "2015.08.10"]
[Round "3.1"]
[Board "3"]
[White "Silva Rodriguez, Julio"]
[Black "Aquino, Jose Rodolfo"]
[Result "1/2-1/2"]
[WhiteElo "2235"]
[BlackElo "2180"]
[WhiteTeam "C.A. Eva-Manises"]
[BlackTeam "C.A. Silla-López Instalaciones"]
[WhiteFideId "2215284"]
[BlackFideId "2287048"]
[EventDate "2015.08.08"]

1. e4 d5 2. exd5 Qxd5 3. Nc3 Qa5 4. Bc4 Nf6 5. d3 c6 6. Qe2 e6 7. Nf3 Bb4 8. O-O
b5 9. Bb3 Bxc3 10. bxc3 Qxc3 11. Bd2 Qc5 12. d4 Qf5 13. d5 Qe4 14. Qxe4 Nxe4 15.
dxe6 Bxe6 16. Bxe6 Nxd2 17. Nxd2 fxe6 18. Rfe1 Kf7 19. Nf3 Na6 20. Ne5+ Kf6 21.
Nxc6 Rhc8 22. Nd4 e5 23. Nxb5 Rxc2 24. Rec1 Nb4 25. Rxc2 Nxc2 26. Rc1 Nd4 27.
Nc3 1/2-1/2

[Event "TCh-ESP Div 1 2015"]
[Site "Linares ESP"]
[Date "2015.08.10"]
[Round "3.1"]
[Board "4"]
[White "Espinosa Mari, Juan Jose"]
[Black "Ballester Llagaria, Luis Eduardo"]
[Result "0-1"]
[WhiteElo "1882"]
[BlackElo "2258"]
[WhiteTeam "C.A. Silla-López Instalaciones"]
[BlackTeam "C.A. Eva-Manises"]
[WhiteFideId "2282054"]
[BlackFideId "2297620"]
[EventDate "2015.08.08"]

1. e4 e6 2. d4 d5 3. exd5 exd5 4. Nf3 Nc6 5. c3 Bd6 6. Be2 Nge7 7. Bg5 Bf5 8.
Nbd2 Qd7 9. b4 Ng6 10. Nb3 b6 11. b5 Nce7 12. a4 O-O 13. O-O f6 14. Bc1 Kh8 15.
Re1 Nf4 16. Bxf4 Bxf4 17. g3 Bh6 18. Nh4 Be6 19. Bd3 Rae8 20. Qc2 g6 21. Re2 Bf7
22. Rae1 Nc8 23. Rxe8 Rxe8 24. Rxe8+ Qxe8 25. Qe2 Nd6 26. f3 Nc4 27. Ng2 Qxe2
28. Bxe2 Be8 29. Kf2 c6 30. f4 cxb5 31. axb5 Bxb5 32. Ne3 Nxe3 33. Kxe3 Bxe2 34.
Kxe2 Kg8 35. Kd3 Kf7 36. c4 Ke6 37. Na1 Bf8 38. Nc2 dxc4+ 39. Kxc4 a6 40. Ne3
b5+ 41. Kb3 a5 42. h3 Kd6 43. Ka3 Kc6+ 44. Kb3 a4+ 45. Ka2 b4 46. Kb2 f5 47. Ka2
Bg7 48. d5+ Kc5 49. g4 Kd4 0-1

[Event "TCh-ESP Div 1 2015"]
[Site "Linares ESP"]
[Date "2015.08.10"]
[Round "3.2"]
[Board "1"]
[White "Vassallo Barroche, Mauricio"]
[Black "Alshameary Puente, Ismael"]
[Result "1/2-1/2"]
[WhiteTitle "IM"]
[BlackTitle "FM"]
[WhiteElo "2430"]
[BlackElo "2370"]
[WhiteTeam "C.E. Barberá"]
[BlackTeam "C.A. Alekhine-Espartinas"]
[WhiteFideId "101648"]
[BlackFideId "2225166"]
[EventDate "2015.08.08"]

1. Nf3 Nf6 2. g3 g6 3. b3 Bg7 4. Bb2 O-O 5. Bg2 d5 6. c4 c6 7. O-O Bg4 8. d3
Bxf3 9. Bxf3 e6 10. Nd2 a5 11. a3 Nbd7 12. Qc2 Ne8 13. Bxg7 Kxg7 14. e3 Qf6 15.
Bg2 Nd6 16. Rac1 Rfc8 17. Nf3 Nc5 18. d4 Nd7 19. a4 c5 20. Qb1 dxc4 21. bxc4 Ra6
22. Qd3 Rb6 23. h4 Qf5 24. Qc3 Kg8 25. Qxa5 cxd4 26. Qxf5 gxf5 27. Nxd4 Nc5 28.
Nb5 Nde4 29. Bxe4 fxe4 30. Ra1 Nb3 31. Ra3 Na5 32. Rc1 Rbc6 33. Kg2 Rxc4 34.
Rxc4 Rxc4 35. Nd6 Rb4 36. Rc3 Rxa4 37. Rc8+ Kg7 38. Rc7 b5 39. Nxb5 Nc4 40. g4
Rb4 41. Nd4 Kg8 42. Nc6 Ra4 43. g5 Nd6 44. Ne5 Ra5 45. Ng4 Kg7 46. Rd7 Nf5 47.
Kh3 Ra2 48. Rd8 Rb2 49. Nf6 Ne7 50. Re8 Rb7 51. Nxe4 Nd5 52. Rd8 Ra7 53. Nd6 h6
54. gxh6+ Kxh6 55. Rg8 Nf6 56. Rg5 Rd7 57. Nc4 Ne4 58. Ne5 Ra7 59. Rg2 Rb7 60.
Ng4+ Kh7 61. f3 Nd6 62. Nf6+ Kh6 63. e4 Rb5 64. Ng4+ Kg7 65. Rd2 Nc4 66. Rd4 Rc5
67. Kg3 Nb6 68. Rd8 Ra5 69. Rd6 Nc4 70. Rd4 Nb6 71. Rb4 Nd7 72. Rb7 Nc5 73. Rc7
Nd3 74. Rc3 Nb4 75. Nf2 Kg6 76. Nh3 Na6 77. Nf4+ Kf6 78. Nd3 Nb8 79. Rc7 e5 80.
Nc5 Kg7 81. Ne6+ Kg6 82. Ng5 f5 83. Rb7 Nc6 84. Rb6 Rc5 85. Ne6 f4+ 86. Kg4 Rc1
87. h5+ Kh7 88. Ng5+ Kh6 89. Kf5 Kxh5 90. Nf7 Rc5 91. Rb2 Nd4+ 92. Kf6 Nxf3 93.
Rg2 Rc6+ 94. Ke7 Rc4 95. Nd6 Rd4 96. Ke6 Rd2 97. Rxd2 Nxd2 98. Kxe5 f3 99. Nf5
f2 100. Kd4 Kg4 101. Ne3+ Kf3 102. e5 Nb3+ 103. Kd3 Nc5+ 104. Kd2 Ne6 105. Nf1
Nf4 106. Kd1 Kg2 107. Nd2 Kg1 108. Kc2 Ne6 1/2-1/2

[Event "TCh-ESP Div 1 2015"]
[Site "Linares ESP"]
[Date "2015.08.10"]
[Round "3.2"]
[Board "2"]
[White "Santos Ruiz, Miguel"]
[Black "Alonso Moyano, Jonathan"]
[Result "1/2-1/2"]
[WhiteTitle "FM"]
[BlackTitle "IM"]
[WhiteElo "2341"]
[BlackElo "2406"]
[WhiteTeam "C.A. Alekhine-Espartinas"]
[BlackTeam "C.E. Barberá"]
[WhiteFideId "22291482"]
[BlackFideId "2216019"]
[EventDate "2015.08.08"]

1. e4 d5 2. exd5 Qxd5 3. Nc3 Qd8 4. d4 g6 5. Bf4 Bg7 6. Qd2 Nf6 7. O-O-O c6 8.
Bh6 Bxh6 9. Qxh6 Qa5 10. Bc4 b5 11. Bb3 b4 12. Na4 Be6 13. Bxe6 fxe6 14. Nc5
Qxa2 15. Qe3 Qa1+ 16. Kd2 Qxb2 17. Ne2 Nbd7 18. Nb3 Nd5 19. Qxe6 Nc3 20. Qxc6
O-O 21. Qxd7 Rxf2 22. Qe6+ Kh8 23. Qe5+ Kg8 24. Qe6+ Kh8 25. Qe5+ Kg8 26. Qe6+
Kh8 27. Qe5+ Kg8 28. Qe6+ Kh8 29. Qe5+ Kg8 30. Qe6+ Kh8 31. Qe5+ 1/2-1/2

[Event "TCh-ESP Div 1 2015"]
[Site "Linares ESP"]
[Date "2015.08.10"]
[Round "3.2"]
[Board "3"]
[White "Perez Manas, Benjamin"]
[Black "Gutierrez Valero, Mario"]
[Result "0-1"]
[WhiteTitle "FM"]
[WhiteElo "2321"]
[BlackElo "2271"]
[WhiteTeam "C.E. Barberá"]
[BlackTeam "C.A. Alekhine-Espartinas"]
[WhiteFideId "22200169"]
[BlackFideId "2243695"]
[EventDate "2015.08.08"]

1. e4 c5 2. Nf3 Nc6 3. d4 cxd4 4. Nxd4 e5 5. Nb5 d6 6. c4 Be7 7. N1c3 a6 8. Na3
f5 9. exf5 Bxf5 10. Bd3 Be6 11. Nc2 Nf6 12. O-O O-O 13. Ne3 b5 14. Bf5 Bf7 15.
cxb5 axb5 16. Nxb5 d5 17. Ng4 Qb8 18. a4 e4 19. Be3 Nxg4 20. Qxg4 Bf6 21. Rac1
Ne7 22. b3 Qe5 23. Bd7 Ng6 24. Rc7 h5 25. Qh3 Rab8 26. Rfc1 Nf4 27. Bxf4 Qxf4
28. Be6 Be5 29. Bxf7+ Rxf7 30. Rc8+ Rf8 31. R8c2 d4 32. Qxh5 d3 33. g3 Qf6 34.
Rd2 Rbc8 35. Rxc8 Rxc8 36. Qg4 Rc1+ 37. Rd1 d2 0-1

[Event "TCh-ESP Div 1 2015"]
[Site "Linares ESP"]
[Date "2015.08.10"]
[Round "3.2"]
[Board "4"]
[White "Perez Garcia, Roberto"]
[Black "Martinez Ramirez, Erik"]
[Result "1/2-1/2"]
[BlackTitle "FM"]
[WhiteElo "2128"]
[BlackElo "2311"]
[WhiteTeam "C.A. Alekhine-Espartinas"]
[BlackTeam "C.E. Barberá"]
[WhiteFideId "2217708"]
[BlackFideId "22202366"]
[EventDate "2015.08.08"]

1. Nf3 Nf6 2. c4 g6 3. Nc3 d5 4. cxd5 Nxd5 5. h4 h6 6. e4 Nb6 7. d4 Bg7 8. Be3
Bg4 9. Qd2 Nc6 10. d5 Ne5 11. Nxe5 Bxe5 12. Bd4 Bxd4 13. Qxd4 O-O 14. f3 Bd7 15.
O-O-O Rc8 16. Qe3 Kg7 17. e5 e6 18. dxe6 fxe6 19. Bd3 Qe7 20. h5 g5 21. g3 Bc6
22. Rhf1 Rcd8 23. f4 Nd5 24. Nxd5 Rxd5 25. Kb1 Qc5 26. Qe2 Qe7 27. fxg5 Qxg5 28.
Rxf8 Kxf8 29. Rf1+ Ke7 30. Qf3 Kd7 31. Qf8 Bb5 32. Rf7+ Kc6 33. Qe8+ Kb6 34.
Qxe6+ c6 35. Bxb5 Rd1+ 36. Kc2 Rd2+ 37. Kb3 Qe3+ 38. Ka4 Qc5 39. Bc4 Rxb2 40.
Rxb7+ Kxb7 41. Qd7+ Ka8 42. Bb3 Qb5+ 43. Ka3 Rxb3+ 44. axb3 Qa5+ 45. Kb2 Qxe5+
46. Ka3 Qa1+ 47. Kb4 Qe1+ 48. Kc5 Qc3+ 49. Kd6 Qxg3+ 50. Kxc6 Qc3+ 51. Kd6 Qxb3
52. Qc6+ Qb7 53. Qa4 a6 54. Ke6 Qb5 55. Qe4+ Ka7 56. Qh7+ Qb7 57. Qd3 Qb5 58.
Qh7+ Kb6 59. Kf6 Qg5+ 60. Ke6 Qxh5 61. Qb1+ Qb5 62. Qg1+ Qc5 63. Qb1+ Kc6 64.
Qh1+ Kb5 65. Qb1+ Qb4 66. Qf5+ Ka4 67. Qf1 a5 68. Qa1+ Kb5 69. Qe5+ Qc5 70. Qb2+
Ka6 71. Qe2+ Qb5 72. Qg2 a4 73. Qa8+ Kb6 74. Qd8+ Kc5 75. Qd5+ Kb4 76. Qd2+ Kb3
77. Qd1+ Kb2 78. Qd2+ Ka3 79. Qc1+ Qb2 80. Qc5+ Ka2 81. Kf5 a3 82. Kg4 Qg2+ 1/2-1/2